000 00923cam a22002531i 4500
003 SA-RiAUC
005 20241006144741.0
008 241005s2005 le g 00000 ara c
020 _a9953181268
040 _aSA-JeKAU
_bara
_cSA-RiAUC
_erda
082 0 4 _a330.121
090 _a330.121
_b ق ل ع
100 1 _aقلعجي، محمد رواس،
_d1934-2014
_eمؤلف.
245 1 0 _aمباحث في الاقتصاد الإسلامي من أصوله الفقهية /
_cتأليف محمد رواس قلعة جي.
250 _aالطبعة الخامسة.
264 1 _aبيروت :
_bدار النفائس،
_c2005
300 _a182 صفحة ؛
_c24 سم
336 _aنص
_btxt
_2rdacontent
_3كتاب
337 _aبدون وسيط
_bn
_2rdamedia
338 _aمجلد
_bnc
_2rdacarrier
650 7 _aالاقتصاد الإسلامي
_2aucsh
942 _2ddc
_cBOOK
_n0
949 _aSA-JeALM
_d241005
_umohamedma123
_n1
999 _c948
_d948